000 00419pam a2200157a 44500
008 230515b1980 xxu||||| |||| 00| 0 eng d
020 _aNULL
041 _aENGLISH
082 _a630
100 _aIS: 2220-1980
245 _aMETHODS OF TEST FOR SOILS - PART- III / SEC-1 DETERMINATION OF SPECIFIC GRAVITY SECTION FREE GRAINED SOILS
250 _a0
260 _aDELHI
_bISI
_c1980
300 _a19
650 _aNULL
999 _c652597
_d652597